000 00710nam a22002057a 4500
005 20251108175744.0
008 250721s2010 xx 000 0 ara d
082 1 4 _aط/ق/دية
100 1 _aدية، هنادي
_eمؤلف
245 1 0 _aالصياد - خطوة خطوة (1) /
264 1 _aبيروت - لبنان :
_bدار النهضة العربية - أصالة للنشر و التوزيع،
_c2010.
300 _a16ص.
650 1 7 _aادب الاطفال
650 1 7 _aالقصص القصيرة
653 _aاطفال مرحلة متوسطة(6-9)سنوات
700 1 _aشمة، منال
_eمؤلف
700 1 _aالخطيب، دانية
_eرسام
942 _2ddc
_cBK
999 _c141629
_d141629